000
00411nam a2200181Ia 4500
008
160105s9999 xx 000 0 und d
041
_a
fre
245
_a
Papillons
260
_a
Paris
260
_b
Larousse
260
_c
2004
300
_b
ill.
490
_a
Nature en poche
654
_x
AGRICULTURE/LEPIDOPTERA/INSECTA
942
_c
09
994
_a
121078
999
_c
20428
_d
48426